Welcome to CU Library Online Public Access Catalogue (OPAC)

Nelson Essential of Pediatrics/ (Record no. 4156)

MARC details
000 -LEADER
fixed length control field 00521nam a22001697a 4500
005 - DATE AND TIME OF LATEST TRANSACTION
control field 20250223091617.0
008 - FIXED-LENGTH DATA ELEMENTS--GENERAL INFORMATION
fixed length control field 250223b |||||||| |||| 00| 0 eng d
020 ## - INTERNATIONAL STANDARD BOOK NUMBER
International Standard Book Number 9780721694061
050 ## - LIBRARY OF CONGRESS CALL NUMBER
Classification number RJ45
Item number .N418
245 ## - TITLE STATEMENT
Title Nelson Essential of Pediatrics/
Statement of responsibility, etc. edited by Richard E. Behrman & Robert M. Kliegman
250 ## - EDITION STATEMENT
Edition statement 4th ed.
260 ## - PUBLICATION, DISTRIBUTION, ETC.
Place of publication, distribution, etc. Philadelphia
Name of publisher, distributor, etc. Saunders
Date of publication, distribution, etc. 2002
300 ## - PHYSICAL DESCRIPTION
Extent xiv. 958p.
Other physical details ill. some color
Dimensions 25.5cm
700 ## - ADDED ENTRY--PERSONAL NAME
Personal name Behrman, Richard E.
700 ## - ADDED ENTRY--PERSONAL NAME
Personal name Kliegman, Robert M.
942 ## - ADDED ENTRY ELEMENTS (KOHA)
Source of classification or shelving scheme Library of Congress Classification
Koha item type Books
Edition 4th ed.
Suppress in OPAC No
999 ## -
-- 4156
-- 4156
Holdings
Withdrawn status Lost status Source of classification or shelving scheme Damaged status Not for loan Collection Home library Current library Shelving location Date acquired Total checkouts Full call number Barcode Date last seen Copy number Price effective from Koha item type
    Library of Congress Classification     Non-fiction Science Library (Miotso) Science Library (Miotso) General stacks 02/23/2025   RJ45 .N418 NEL SLM00003710 02/23/2025 1 02/23/2025 Books
© 2023-2024 Copyright: Central University Libraries. All Rights Reserved | Created by: Mahone Tech Office